000 00193 a2200097 4500
020 _a9780385336826
041 _aeng
100 _aKinsella, Sophie
245 _aShopaholic and sister
942 _cBK
999 _c8496
_d8496